Masked depression in maladaptive black adolescents (Record no. 72490)

MARC details
000 -CABECERA
campo de control de longitud fija 00610nam a2200229 a 4500
005 - FECHA Y HORA DE LA ÚLTIMA TRANSACCIÓN
campo de control 20210219153250.0
008 - ELEMENTOS DE LONGITUD FIJA--INFORMACIÓN GENERAL
campo de control de longitud fija 991125n 000 0 u
035 ## - NÚMERO DE CONTROL DEL SISTEMA
Número de control de sistema UPN01000087275
100 ## - ASIENTO PRINCIPAL--NOMBRE PERSONAL
Nombre de persona Fuller, Theodore
222 ## - TÍTULO CLAVE
Título clave SCHOOL COUNSELOR
245 ## - MENCIÓN DE TÍTULO
Título Masked depression in maladaptive black adolescents
300 ## - DESCRIPCIÓN FÍSICA
Extensión 24-31
362 ## - FECHAS DE PUBLICACIÓN Y/O DESIGNACIÓN SECUENCIAL
Fecha de publicación y/o designación secuencial 40, No. 1, 1992
505 ## - NOTA DE CONTENIDO CON FORMATO PREESTABLECIDO
Nota de contenido con formato Marzo 1993
653 0# - TERMINO DE INDIZACION - NO CONTROLADO
Término no controlado ADOLESCENTES
653 0# - TERMINO DE INDIZACION - NO CONTROLADO
Término no controlado DEPRESION (PSICOLOGIA)
653 0# - TERMINO DE INDIZACION - NO CONTROLADO
Término no controlado DIAGNOSTICO EDUCATIVO
653 0# - TERMINO DE INDIZACION - NO CONTROLADO
Término no controlado JOVENES NEGROS
653 0# - TERMINO DE INDIZACION - NO CONTROLADO
Término no controlado TRASTORNOS EMOCIONALES
904 ## - ELEMENTOS DE DATOS D LOCAL, LDD (RLIN)
a AC
b 025086
905 ## - TIPO DE MATERIAL
Tipo de material Articulo

No items available.